[Event "8th Dolomiti Open 2017"]
[Site "Forni di Sopra"]
[Date "2017.06.14"]
[Round "6.6"]
[White "Mufic, Goran"]
[Black "Barp, Alberto"]
[Result "1/2-1/2"]
[WhiteElo "2247"]
[BlackElo "2233"]
[Annotator "TA"]
[PlyCount "39"]
[EventDate "2017.??.??"]
[EventType "swiss"]
[EventCountry "ITA"]
[SourceTitle "playchess.com"]
[Source "ChessBase"]
[SourceQuality "1"]

{[%evp 14,39,0,-11,1,0,0,0,0,0,0,7,0,0,12,0,24,13,28,33,41,0,14,0,0,0,0,0]} 1. d4 d5 2. Bf4 Nf6 3. e3 c5 4. c3 Nc6 5. Nd2 e6 6. Bd3 Bd6 7. Bxd6 {D00: 1 d4 d5: Unusual lines} Qxd6 8. f4 {LiveBook: 50 Games} b6 (8... Bd7 9. a3 Ne7 10. Ngf3 Qb6 11. b4 cxd4 12. cxd4 Bb5 13. Qe2 Bxd3 14. Qxd3 Nf5 {1-0 (68) Nyzhnyk,I (2613)-Naroditsky,D (2646) chess.com INT 2017}) 9. a3 Bb7 10. Ngf3 cxd4 $146 ({Predecessor:} 10... O-O 11. Ne5 Ne7 12. Qf3 Nd7 13. O-O f5 14. Nxd7 Qxd7 {½-½ (60) Goossens,E (2232)-Julian,S (2120) France 2009}) 11. cxd4 O-O 12. Ne5 Ne7 13. Qf3 Rac8 14. O-O Rc7 15. Rac1 Rxc1 16. Rxc1 Rc8 17. Qd1 a5 {The position is equal.} 18. Rxc8+ Nxc8 19. Qc2 Qd8 20. g3 {Precision: White = 69%, Black = 53%.} 1/2-1/2

[Event "8th Dolomiti Open 2017"]
[Site "Forni di Sopra"]
[Date "2017.06.14"]
[Round "6.7"]
[White "Seresin, Francesco"]
[Black "Bellia, Fabrizio"]
[Result "1/2-1/2"]
[WhiteElo "2280"]
[BlackElo "2432"]
[Annotator "TA"]
[PlyCount "37"]
[EventDate "2017.??.??"]
[EventType "swiss"]
[EventCountry "ITA"]
[SourceTitle "playchess.com"]
[Source "ChessBase"]
[SourceQuality "1"]

{[%evp 14,37,0,-6,8,-22,7,0,37,0,0,-1,-2,-6,-12,-7,6,3,0,0,7,-23,-23,-33,0,-1]} 1. d4 Nf6 2. c4 e6 3. Nc3 Bb4 4. Qc2 O-O 5. a3 Bxc3+ 6. Qxc3 b6 7. Bg5 Bb7 8. e3 d6 {E32: Nimzo-Indian: Classical (4 Qc2): 4...0-0} 9. Rd1 Nbd7 10. Ne2 Qe8 $146 {[#] Threatens to win with ...Ne4.} (10... h6 $5 {[%cal Rh6g5]} 11. Bxf6 Nxf6 $15) ({Predecessor:} 10... h6 11. Bh4 Ne4 12. Bxd8 Nxc3 13. Nxc3 Rfxd8 14. f3 Kf8 15. Kf2 Ke7 16. g4 {½-½ (23) Bu,X (2708)-Leko,P (2741) Yerevan 2008}) 11. Bxf6 Nxf6 12. Ng3 c5 13. dxc5 dxc5 14. f3 e5 15. Be2 h5 {[%cal Bh7h5,Bh5h4][%mdl 32]} 16. O-O Qe6 17. Qc2 h4 18. Nh1 $1 Rad8 19. Nf2 1/2-1/2

[Event "8th Dolomiti Open 2017"]
[Site "Forni di Sopra"]
[Date "2017.06.14"]
[Round "6.8"]
[White "Kiefer, Gerhard"]
[Black "Naumkin, Igor"]
[Result "1/2-1/2"]
[WhiteElo "2259"]
[BlackElo "2401"]
[Annotator "ChessBase"]
[PlyCount "60"]
[EventDate "2017.??.??"]
[EventType "swiss"]
[EventCountry "ITA"]
[SourceTitle "playchess.com"]
[Source "ChessBase"]
[SourceQuality "1"]
[TimeControl "40/5400+30:1800+30"]

1. e4 {[%emt 0:00:30]} e5 {[%emt 0:02:00]} 2. Nf3 {[%emt 0:00:30]} Nc6 {[%emt 0:00:30]} 3. Bb5 {[%emt 0:00:30]} a6 {[%emt 0:00:00]} 4. Ba4 {[%emt 0:00:00]} Nf6 {[%emt 0:00:00]} 5. Qe2 {[%emt 0:00:00]} b5 {[%emt 0:00:30]} 6. Bb3 {[%emt 0:00:30]} Be7 {[%emt 0:00:30]} 7. c3 {[%emt 0:00:00]} O-O {[%emt 0:00:30]} 8. O-O {[%emt 0:00:00]} d6 {[%emt 0:00:30]} 9. Rd1 {[%emt 0:00:30]} h6 {[%emt 0:04:30]} 10. h3 {[%emt 0:09:30]} Re8 {[%emt 0:05:30]} 11. a4 {[%emt 0:11:30]} b4 {[%emt 0:10:30]} 12. a5 {[%emt 0:00:30]} Bf8 {[%emt 0:03:30]} 13. d3 {[%emt 0:06:30]} Rb8 {[%emt 0:08:30]} 14. Nbd2 {[%emt 0:03:30]} Ne7 {[%emt 0:07:30]} 15. d4 {[%emt 0:10:30]} Ng6 {[%emt 0:02:30]} 16. d5 {[%emt 0:07:30]} Nf4 {[%emt 0:05:30]} 17. Qe3 {[%emt 0:00:30]} bxc3 {[%emt 0:01:30]} 18. bxc3 {[%emt 0:00:30]} Bxh3 {[%emt 0:10:30]} 19. gxh3 {[%emt 0:02:30]} Nxh3+ {[%emt 0:01:30]} 20. Kf1 {[%emt 0:04:30]} Ng4 {[%emt 0:00:30]} 21. Qe2 {[%emt 0:00:30]} Nf4 {[%emt 0:07:30]} 22. Qxa6 {[%emt 0:00:30]} Qf6 {[%emt 0:01:30]} 23. Qc4 {[%emt 0:00:30]} Qg6 {[%emt 0:01:30]} 24. Ba4 {[%emt 0:05:30]} Qh5 {[%emt 0:15:06]} 25. Ke1 {[%emt 0:00:30]} Ng2+ {[%emt 0:01:48]} 26. Ke2 {[%emt 0:00:30]} Nf4+ {[%emt 0:00:59]} 27. Ke1 {[%emt 0:00:00]} Qh1+ {[%emt 0:02:50]} 28. Qf1 {[%emt 0:00:00]} Ng2+ {[%emt 0:00:34]} 29. Ke2 {[%emt 0:00:30]} Nf4+ {[%emt 0:00:45]} 30. Ke1 {[%emt 0:00:00]} Ng2+ {[%emt 0:00:31]} 1/2-1/2

[Event "8th Dolomiti Open 2017"]
[Site "Forni di Sopra"]
[Date "2017.06.14"]
[Round "6.9"]
[White "Qendro, Llambi"]
[Black "Medancic, Rikard"]
[Result "1/2-1/2"]
[WhiteElo "2328"]
[BlackElo "2221"]
[Annotator "TA"]
[PlyCount "38"]
[EventDate "2017.??.??"]
[EventType "swiss"]
[EventCountry "ITA"]
[SourceTitle "playchess.com"]
[Source "ChessBase"]
[SourceQuality "1"]

{[%evp 25,28,51,51,35,71]} 1. d4 Nf6 2. c4 g6 3. Nc3 Bg7 4. e4 d6 5. f3 O-O 6. Bg5 c5 7. d5 e6 8. Qd2 exd5 9. cxd5 a6 10. a4 Re8 11. Nge2 Nbd7 12. Ng3 Qa5 13. Be2 h5 14. O-O {A65: Modern Benoni: 6 e4} Nh7 {[#]} {Predecessor:} 15. Bh6 $146 Bd4+ 16. Be3 Qb4 17. Rfd1 Bg7 18. a5 b5 19. axb6 Nxb6 {½-½ (28) Standke,W (2523)-Grigoryev,V (2529) ICCF email 2007} 1/2-1/2

[Event "8th Dolomiti Open 2017"]
[Site "Forni di Sopra"]
[Date "2017.06.14"]
[Round "6.10"]
[White "Derakhshani, Dorsa"]
[Black "Sgircea, Silvia-Raluca"]
[Result "1/2-1/2"]
[WhiteElo "2321"]
[BlackElo "2208"]
[Annotator "ChessBase"]
[PlyCount "54"]
[EventDate "2017.??.??"]
[EventType "swiss"]
[EventCountry "ITA"]
[SourceTitle "playchess.com"]
[Source "ChessBase"]
[SourceQuality "1"]
[TimeControl "40/5400+30:1800+30"]

1. e4 {[%emt 0:04:30]} c5 {[%emt 0:01:00]} 2. Nf3 {[%emt 0:00:30]} Nc6 {[%emt 0:00:00]} 3. d4 {[%emt 0:00:00]} cxd4 {[%emt 0:00:00]} 4. Nxd4 {[%emt 0:00:00]} g6 {[%emt 0:00:00]} 5. c4 {[%emt 0:00:30]} Bg7 {[%emt 0:00:00]} 6. Be3 {[%emt 0:00:00]} Nf6 {[%emt 0:00:30]} 7. Nc3 {[%emt 0:00:00]} d6 {[%emt 0:00:30]} 8. Be2 {[%emt 0:00:00]} O-O {[%emt 0:00:00]} 9. O-O {[%emt 0:01:00]} Bd7 {[%emt 0:00:00]} 10. Qd2 {[%emt 0:00:30]} Nxd4 {[%emt 0:00:30]} 11. Bxd4 {[%emt 0:00:30]} Bc6 {[%emt 0:00:30]} 12. f3 {[%emt 0:00:00]} a5 {[%emt 0:00:30]} 13. b3 {[%emt 0:01:00]} Nd7 {[%emt 0:00:30]} 14. Be3 {[%emt 0:00:30]} Nc5 {[%emt 0:00:30]} 15. Rab1 {[%emt 0:00:30]} Be5 {[%emt 0:00:30]} 16. g3 {[%emt 0:01:30]} e6 {[%emt 0:03:30]} 17. Rbd1 {[%emt 0:09:30]} Qe7 {[%emt 0:03:30]} 18. Nb5 {[%emt 0:01:30]} Rfd8 {[%emt 0:22:30]} 19. Qc1 {[%emt 0:16:30]} Bxb5 {[%emt 0:23:30]} 20. cxb5 {[%emt 0:00:30]} Rac8 {[%emt 0:01:30]} 21. Bc4 {[%emt 0:07:30]} Bf6 {[%emt 0:17:30]} 22. Bf2 {[%emt 0:21:30]} b6 {[%emt 0:02:30]} 23. Rfe1 {[%emt 0:07:30]} Qb7 {[%emt 0:01:30]} 24. Qf4 {[%emt 0:00:30]} Bc3 {[%emt 0:04:32]} 25. Re3 {[%emt 0:01:30]} Be5 {[%emt 0:00:12]} 26. Qh4 {[%emt 0:01:30]} Bg7 {[%emt 0:01:26]} 27. Re2 {[%emt 0:01:30]} Rd7 {[%emt 0:02:09]} 1/2-1/2

[Event "8th Dolomiti Open 2017"]
[Site "Forni di Sopra"]
[Date "2017.06.14"]
[Round "6.11"]
[White "De Santis, Alessio"]
[Black "Carnicelli, Valerio"]
[Result "1/2-1/2"]
[WhiteElo "2242"]
[BlackElo "2242"]
[Annotator "TA"]
[PlyCount "36"]
[EventDate "2017.??.??"]
[EventType "swiss"]
[EventCountry "ITA"]
[SourceTitle "playchess.com"]
[Source "ChessBase"]
[SourceQuality "1"]

{[%evp 13,36,10,39,33,33,31,33,32,37,32,35,37,43,18,45,38,27,29,13,31,77,63,67,62,75]} 1. Nf3 Nf6 2. b3 g6 3. Bb2 Bg7 4. c4 O-O 5. g3 d6 6. d4 c5 7. Bg2 Nc6 8. d5 {E60: King's Indian: Unusual lines and Fianchetto Variation without Nc3} Na5 9. O-O a6 10. Nbd2 b5 11. Ne1 (11. e4 Rb8 12. Bc3 Bg4 13. Qc2 e6 14. Rac1 bxc4 15. bxc4 Nd7 16. Rb1 Bxc3 17. Qxc3 {1-0 (32) Arencibia Rodriguez,W (2526)-Chirila,I (2528) Montreal 2013}) 11... Rb8 12. Nd3 $146 ({Predecessor:} 12. Bc3 e6 13. e4 exd5 14. cxd5 b4 15. Bb2 Bd7 16. Nc2 Bb5 {1-0 (42) Egger,T (2255)-Schubert,C (2280) Germany 1987}) 12... Re8 13. Rb1 Bh6 14. Bc3 (14. e3 {with more complications.} e5 15. Bc3 Bf5 16. Qc2 Nh5 17. Rfe1) 14... bxc4 15. Nxc4 Nxc4 16. bxc4 Bg4 17. Rxb8 Qxb8 18. h3 Bf5 {Precision: White = 65%, Black = 50%.} 1/2-1/2

[Event "8th Dolomiti Open 2017"]
[Site "Forni di Sopra"]
[Date "2017.06.14"]
[Round "6.12"]
[White "Herbrechtsmeier, Christof"]
[Black "Vezzosi, Paolo"]
[Result "1/2-1/2"]
[WhiteElo "2240"]
[BlackElo "2333"]
[Annotator "ChessBase"]
[PlyCount "27"]
[EventDate "2017.??.??"]
[EventType "swiss"]
[EventCountry "ITA"]
[SourceTitle "playchess.com"]
[Source "ChessBase"]
[SourceQuality "1"]
[TimeControl "40/5400+30:1800+30"]

1. e4 {[%emt 0:01:30]} c5 {[%emt 0:01:00]} 2. Nf3 {[%emt 0:00:30]} e6 {[%emt 0:00:00]} 3. d4 {[%emt 0:00:30]} cxd4 {[%emt 0:00:00]} 4. Nxd4 {[%emt 0:00:00]} Nc6 {[%emt 0:00:00]} 5. Nc3 {[%emt 0:00:00]} Qc7 {[%emt 0:00:00]} 6. Be2 {[%emt 0:00:30]} Nf6 {[%emt 0:00:30]} 7. Be3 {[%emt 0:00:30]} a6 {[%emt 0:00:30]} 8. O-O {[%emt 0:00:00]} b5 {[%emt 0:02:30]} 9. Nxc6 {[%emt 0:02:00]} dxc6 {[%emt 0:00:00]} 10. f4 {[%emt 0:01:30]} Bb7 {[%emt 0:07:00]} 11. e5 {[%emt 0:05:30]} Rd8 {[%emt 0:01:30]} 12. Qe1 {[%emt 0:05:30]} Nd5 {[%emt 0:00:30]} 13. Nxd5 {[%emt 0:00:30]} cxd5 {[%emt 0:00:30]} 14. c3 {[%emt 0:00:30]} 1/2-1/2

[Event "8th Dolomiti Open 2017"]
[Site "Forni di Sopra"]
[Date "2017.06.15"]
[Round "7.1"]
[White "Bruno, Fabio"]
[Black "Anurag, Mhamal"]
[Result "0-1"]
[WhiteElo "2427"]
[BlackElo "2466"]
[Annotator "TA"]
[PlyCount "120"]
[EventDate "2017.??.??"]
[EventType "swiss"]
[EventCountry "ITA"]
[SourceTitle "playchess.com"]
[Source "ChessBase"]
[SourceQuality "1"]

{[%evp 18,120,83,81,88,94,95,89,88,88,97,65,81,25,49,15,16,0,25,27,30,37,38,30,25,-16,-16,-33,-30,-78,-78,-82,-68,-76,-64,-267,-263,-230,-50,-65,-38,-36,-47,-70,-60,-78,147,117,266,0,0,0,0,0,0,0,0,-183,-188,-1950,-1878,-1537,-80,-67,0,-3,0,0,0,0,0,0,0,-40,-35,-155,-154,-181,-152,-252,-246,-260,-248,-258,-247,-252,-214,-346,-337,-333,-318,-375,-345,-424,-409,-413,-385,-29974,-5669,-29994,-29995,-29995,-29996,-29996,-29997]} 1. d4 Nf6 2. Nf3 b6 3. e3 Bb7 4. Bd3 c5 5. O-O e6 6. c4 Be7 7. Nc3 O-O 8. d5 exd5 9. cxd5 d6 10. e4 Re8 {E14: Queen's Indian: Classical Variation (4 e3)} 11. Re1 Nbd7 12. h3 a6 {White is better.} 13. a4 Nf8 14. Bf1 Ng6 {[#]} 15. g3 $146 (15. Be3 $16) ({Predecessor:} 15. Nd2 Nd7 16. g3 Bf6 17. Nc4 Nde5 18. Ne3 {1-0 (54) Hillarp Persson,T (2546)-Paehtz,E (2447) Douglas 2015}) 15... Nd7 $11 16. b3 Bf6 17. Bb2 Qc7 18. Qc2 Re7 19. Bg2 Rae8 20. Nd2 Bd4 21. Kf1 Nf6 22. Rac1 Qd7 $1 23. Nc4 b5 24. Nb6 Qd8 25. a5 h5 26. h4 $2 (26. Rcd1 $1 $15) 26... Ng4 $19 27. Nd1 {[#]} N6e5 $2 (27... f5 $1 $19 {[%mdl 512]} 28. Bxd4 (28. exf5 Rxe1#) 28... cxd4) 28. Kg1 $1 $15 f5 29. Bxd4 cxd4 30. Qd2 fxe4 31. Rxe4 Ng6 $2 (31... Nd7 $1 $17 {keeps the pressure on.} 32. Rxe7 Qxe7 33. Nxd7 Qe1+ 34. Qxe1 Rxe1+ 35. Bf1 Bxd5) 32. Qxd4 $16 Nxh4 (32... N6e5 $16) 33. Rxe7 $2 ({White must play} 33. gxh4 $18 Rxe4 34. Bxe4) 33... Rxe7 $11 34. Ne3 $1 Nxg2 35. Nxg4 {Threatens to win with Nh2.} Ne1 36. Nh2 $1 Qf8 {White must now prevent ...Qf3!} 37. Qc3 $2 (37. Qd2 $11 {and White has nothing to worry.} Nf3+ 38. Nxf3 Qxf3 39. Re1) 37... Re2 $19 38. f4 $2 (38. Qd4) 38... Qe7 {( -> ...Qe4)} 39. Nf3 Nxf3+ $2 (39... b4 $1 $19 {[%cal Rb4c3] has better winning chances.} 40. Qc8+ Bxc8 41. Rxc8+ Kh7 42. Ng5+ Kg6) 40. Qxf3 $17 h4 ({Black should play} 40... Re3 $15 41. Nc8 Qe8 42. Nxd6 Rxf3 43. Nxe8 Bxd5) 41. gxh4 $11 Re3 (41... Rd2 $5 {[%cal Re7h4]} 42. Qh3 Kh7 $17) 42. Qg4 $1 Qf6 43. Rc2 $1 Qa1+ 44. Kh2 Re1 45. Qg2 (45. Qd7 Rh1+ 46. Kg2 Qf1+ 47. Kg3 Qd3+ 48. Kg2 Qe4+ 49. Kf2 Qxf4+ 50. Ke2 Rh2+ 51. Kd3 Qf3+ 52. Kd4 Rxh4+ 53. Qg4 Rxg4#) 45... Qd1 $36 {[%mdl 2048] Black fights for an advantage.} 46. Rd2 ({Wrong is} 46. Rc7 $2 Re2 $19) (46. Rf2 $15) 46... Qxb3 $17 47. Re2 Qb4 48. Kh3 (48. Kg3 $17) 48... Qxa5 $19 49. Qe4 Qc3+ ({But not} 49... Rxe2 50. Qxe2 Qc3+ 51. Kg4 $19) 50. Kg2 Rxe2+ 51. Qxe2 Qf6 $1 {[%csl LRf4,LRh4]} 52. Qe8+ {[#]} (52. Qe4 {was called for.}) 52... Kh7 $1 53. h5 Qf5 {And now ...b4 would win.} ({Don't take} 53... Qxf4 54. Qg6+ Kg8 55. Qe6+ Qf7 56. Qxd6) 54. Kg3 b4 {Hoping for ...b3.} 55. Nd7 {With the idea Nf8+.} Bxd5 {...b3 is the strong threat.} 56. Nf8+ Kh6 57. Ng6 $2 (57. Nd7 $19 Be6 {[#]} 58. Nf6 $1 {[%mdl 512]} Qd3+ 59. Kf2 Qd2+ 60. Kf3 Qd3+ 61. Kf2 Qc2+ 62. Kf3 Qd3+ 63. Kf2) 57... Qxh5 58. f5 Qf3+ {Black mates.} 59. Kh4 Qf2+ 60. Kg4 Bf3+ {Precision: White = 39%, Black = 63%.} 0-1

[Event "8th Dolomiti Open 2017"]
[Site "Forni di Sopra"]
[Date "2017.06.15"]
[Round "7.2"]
[White "Korneev, Oleg"]
[Black "Rotstein, Arkadij"]
[Result "0-1"]
[WhiteElo "2569"]
[BlackElo "2495"]
[Annotator "TA"]
[PlyCount "130"]
[EventDate "2017.??.??"]
[EventType "swiss"]
[EventCountry "ITA"]
[SourceTitle "playchess.com"]
[Source "ChessBase"]
[SourceQuality "1"]

{[%evp 17,130,53,70,38,45,43,51,33,43,37,61,38,38,8,18,22,17,9,52,27,31,24,33,13,28,35,45,12,29,10,14,24,38,35,45,55,108,86,152,14,146,27,27,22,23,0,0,-313,-297,-297,-270,-231,0,-329,-329,-304,-313,-478,-469,-504,-494,-559,-565,-743,-743,-743,-743,-2165,-2618,-1433,-1217,-4961,-4961,-4954,-4964,-4946,-4134,-2097,-2097,-1785,-1374,-29974,-29975,-29975,-29976,-29974,-29977,-29977,-29978,-29978,-29979,-29979,-29980,-29980,-29980,-29980,-29979,-29979,-29980,-29985,-29979,-29979,-29978,-29978,0,-29979,-29980,-29979,-29980,-29989,-29990,-29990,-29990,-29992,-29993]} 1. e4 g6 2. d4 Bg7 3. Nf3 c6 4. h3 d5 5. Nc3 Nh6 6. Bf4 O-O {B15: Caro-Kann: 3 Nc3: 3...g6 and 3...dxe4 4 Nxe4 Nf6 5 Nxf6+ exf6} (6... f6 7. Bd3 Nf7 8. O-O O-O 9. Re1 e5 10. dxe5 fxe5 11. Bg3 d4 12. Nb1 Be6 13. Nbd2 Nd7 14. a4 Qe7 {0-1 (48) Kurnosov,I (2648)-Khismatullin,D (2660) Apatity 2011}) 7. Qd2 dxe4 8. Nxe4 Nf5 9. c3 Nd7 {[%cal Bb8d7,Bd7b6,Bb6d5][%mdl 32] LiveBook: 10 Games} 10. Bc4 Nb6 11. Bb3 a5 12. a4 $146 ({Predecessor:} 12. Qe2 a4 13. Bc2 a3 14. b3 {0-1 (38) Reinecker,K (2248)-Muse,M (2383) Germany 2016}) 12... Nd5 13. Be5 Bh6 14. Qd1 Nd6 15. Nc5 b6 16. Nd3 $1 Ba6 17. O-O Nc4 18. Re1 (18. Bh2 {feels hotter.} e6 19. Re1 Rc8 20. Nde5 Nd6 21. Qc2) 18... Nxe5 19. Ndxe5 Qc7 20. Qc2 Rad8 21. Qe4 Bg7 22. Ng5 Bc8 23. c4 $36 {[%mdl 2048] White fights for an advantage.} (23. Qh4 $5 {[%cal Rh4h7]} h6 24. Ngf3 $11) 23... Nb4 24. c5 Nd5 25. Qh4 {[%csl Gg5][%cal Rh4h7]} h6 26. cxb6 Qxb6 (26... Qb7 $1 $14 27. Ngxf7 Rxf7) 27. Ngxf7 $1 $16 Rxf7 (27... Qxb3 $142 28. Nxh6+ Bxh6 29. Qxh6 Qc2 30. Nxg6 Qxf2+ 31. Kh1 Qf6) 28. Nxf7 ({White must play} 28. Bxd5 $1 $16 cxd5 29. Nxf7 Kxf7 30. Rxe7+ Kg8 31. Rxg7+ $1 {[%mdl 512]} Kxg7 32. Qe7+ Kg8 33. Rc1) 28... Kxf7 (28... Bf6 $1 $11 29. Qxh6 Kxf7 30. Qh7+ Kf8) 29. Qxe7+ ({White should play} 29. Rxe7+ $16 Kg8 30. Rc1) 29... Kg8 $11 30. Rac1 {Black must now prevent Rxc6!} Rf8 31. Bxd5+ (31. Rc3 $5) 31... cxd5 32. Qxf8+ $4 {[%mdl 8192]} (32. Red1 $11 {and White is okay.}) 32... Kxf8 $19 33. Rxc8+ Kf7 34. Rec1 {aiming for R1c7+.} Bf6 $2 ({Weaker is} 34... Qxb2 35. R1c7+ Kf6 36. Rg8 $11) (34... Qxd4 $19 {Strongly threatening ...Be5.} 35. R8c7+ Kf6) 35. R8c5 $2 {[%mdl 8192]} (35. R8c7+ $11 {and White stays safe.} Be7 36. R1c3) 35... Qxb2 36. Rc7+ {[#]} Ke8 $1 37. Rc8+ {[#]} (37. g3 {is a better defense.}) 37... Bd8 $1 38. R1c5 Qa1+ 39. Kh2 Qxd4 40. Rxa5 Kd7 41. Rac5 Qxf2 42. Rxd8+ Kxd8 43. Rxd5+ {[%mdl 4096] Endgame KQ-KR} Ke7 44. Rd3 Qf4+ 45. Kg1 Qxa4 46. Rf3 Qd4+ 47. Kf1 h5 48. g3 Ke6 49. h4 Ke5 50. Kg2 Qd5 51. Kf2 Qd2+ 52. Kg1 Ke4 53. Rf2 Qd5 54. Rf4+ Ke3 55. Kh2 Qd2+ 56. Kh3 Qd6 57. Rf1 Ke2 58. Kg2 Qd4 59. Rf8 Qe4+ 60. Kg1 Qd4+ 61. Kg2 Qd5+ {Black mates.} 62. Kh2 Qd6 63. Rf7 g5 {[%cal Bg6g5,Bg5h4][%mdl 32]} 64. Rg7 gxh4 65. Kh3 Qe5 {Precision: White = 31%, Black = 48%.} 0-1

[Event "8th Dolomiti Open 2017"]
[Site "Forni di Sopra"]
[Date "2017.06.15"]
[Round "7.3"]
[White "Stany, G A"]
[Black "Castellanos Rodriguez, Renier"]
[Result "1/2-1/2"]
[WhiteElo "2489"]
[BlackElo "2488"]
[Annotator "TA"]
[PlyCount "38"]
[EventDate "2017.??.??"]
[EventType "swiss"]
[EventCountry "ITA"]
[SourceTitle "playchess.com"]
[Source "ChessBase"]
[SourceQuality "1"]

{[%evp 32,38,56,0,0,0,0,0,0]} 1. e4 c5 2. Nf3 Nc6 3. d4 cxd4 4. Nxd4 g6 5. c4 Bg7 6. Be3 Nf6 7. Nc3 d6 8. Be2 O-O 9. O-O Bd7 10. Qd2 Nxd4 11. Bxd4 Bc6 12. f3 a5 13. b3 Nd7 14. Be3 Nc5 15. Rab1 Qb6 16. Nb5 Rfc8 17. Rfc1 {LiveBook: 18 Games. B38: Sicilian: Maroczy Bind with 5...Bg7 and 7...0-0} (17. Rfd1 $14) 17... Bxb5 $1 $11 {The position is equal.} 18. cxb5 Bh6 $1 19. Kf2 $146 ({Predecessor:} 19. Bxh6 Nxb3+ 20. Be3 Nxd2 21. Bxb6 Nxb1 22. Rxb1 Rc2 23. Kf1 Rxa2 24. Bc4 Rc2 {0-1 (40) Nikolaev,N (2423)-Vokarev,S (2521) Dagomys 2009}) 19... Bxe3+ 1/2-1/2

[Event "8th Dolomiti Open 2017"]
[Site "Forni di Sopra"]
[Date "2017.06.15"]
[Round "7.4"]
[White "Matamoros Franco, Carlos S"]
[Black "Denoyelle, Arnaud"]
[Result "1-0"]
[WhiteElo "2478"]
[BlackElo "2188"]
[Annotator "TA"]
[PlyCount "43"]
[EventDate "2017.??.??"]
[EventType "swiss"]
[EventCountry "ITA"]
[SourceTitle "playchess.com"]
[Source "ChessBase"]
[SourceQuality "1"]

{[%evp 10,43,44,21,25,28,25,29,23,21,94,106,110,99,146,123,131,137,211,211,231,229,445,450,441,443,468,454,556,527,576,560,636,627,662,697]} 1. Nf3 g6 2. g3 Bg7 3. d4 d6 4. c4 Nc6 5. Bg2 e5 6. dxe5 dxe5 {A41: 1 d4 d6: Tartakower System and Modern Defence} 7. Qxd8+ Nxd8 8. Nc3 {[%cal Bb1c3,Bc3e4,Be4d6,Bd6f7,Bf7d6][%mdl 32]} c6 {White has an edge.} 9. Ne4 Ne6 (9... f6 $11) 10. b3 $146 ({Predecessor:} 10. Be3 Ke7 11. Rc1 Nh6 12. b3 f5 13. Neg5 e4 14. Nh4 Ng4 15. Nxe6 Kxe6 16. Bh3 Nxe3 17. fxe3 Ke5 18. O-O {0-1 (18) Aroven,M (2201)-Karlsson,L (2485) Calvia 2007}) 10... f5 11. Nd6+ Kd7 {[#] White must now prevent ...e4.} 12. Nf7 $36 {[%mdl 2048] Black is under strong pressure.} e4 13. N3e5+ {[%cal Bf3e5,Be5f7,Bf7h8][%mdl 32]} Ke8 (13... Bxe5 $16 14. Nxe5+ Ke7) 14. Bb2 $18 Nc5 15. O-O-O {[%cal Ba1d1,Bd1d3,Bd3e3][%mdl 32] Threatens to win with Rd8+.} Nd7 $2 {[#]} (15... Bxe5 16. Nxe5 (16. Nxh8 Bxb2+ 17. Kxb2 Nf6 $15) 16... Nf6) 16. Nd6+ {White is clearly winning.} Kf8 17. Nef7 Ndf6 {[%cal Bd7f6,Bf6h5,Bh5f4][%mdl 32]} 18. f3 e3 19. Rd3 f4 20. gxf4 Nh5 21. Nxh8 Nxf4 22. Rxe3 {Precision: White = 100%, Black = 21%.} 1-0

[Event "8th Dolomiti Open 2017"]
[Site "Forni di Sopra"]
[Date "2017.06.15"]
[Round "7.5"]
[White "Bellia, Fabrizio"]
[Black "Mufic, Goran"]
[Result "1-0"]
[WhiteElo "2432"]
[BlackElo "2247"]
[Annotator "TA"]
[PlyCount "83"]
[EventDate "2017.??.??"]
[EventType "swiss"]
[EventCountry "ITA"]
[SourceTitle "playchess.com"]
[Source "ChessBase"]
[SourceQuality "1"]

{[%evp 16,83,61,32,30,14,14,15,11,14,18,14,22,14,56,59,62,63,75,78,66,45,77,58,72,72,79,73,86,88,169,173,181,135,124,0,104,97,102,87,108,110,137,125,168,177,170,168,175,181,166,158,158,158,170,165,232,235,218,225,215,177,278,280,292,292,330,370,380,370]} 1. e4 e6 2. d4 d5 3. Nd2 dxe4 4. Nxe4 Bd7 5. Nf3 Bc6 6. Bd3 Nd7 7. O-O Ngf6 8. Ned2 Bxf3 {C10: French with 3 Nc3: Unusual Black 3rd moves and 3...dxe4} (8... g6 9. b3 Be7 10. Bb2 O-O 11. c4 Re8 12. Qe2 Bf8 13. Ne5 Nxe5 14. dxe5 Nd7 15. Be4 Nc5 16. Bxc6 bxc6 {1-0 (66) Inarkiev,E (2709)-Melkumyan,H (2633) Doha 2016}) 9. Nxf3 {LiveBook: 4 Games} (9. gxf3 $6 c5 $11) 9... c5 10. Be3 $146 ({Predecessor:} 10. c3 cxd4 11. cxd4 Bd6 12. Qe2 h6 13. Ne5 Bxe5 14. dxe5 Nxe5 15. Bb5+ Nc6 16. Bxc6+ bxc6 {½-½ (34) Bellia,F (2421)-Rausch,S (2294) Bad Wiessee 2013}) 10... Qc7 {The position is equal.} 11. Qe2 Bd6 12. g3 O-O 13. c3 Rfe8 14. Rfe1 e5 15. dxe5 Nxe5 16. Nxe5 Rxe5 17. Qf3 Rae8 18. Bc4 (18. Bb5 $5 {[%cal Rb5e8]}) 18... Re4 19. Bd2 (19. Bb5 {feels hotter.} R8e7 20. Bd3 R4e6 21. Bc4 Re4 22. b3) 19... Qc6 {[#] Threatens to win with ...Rxe1+.} (19... Rxc4 $2 20. Rxe8+ Nxe8 21. Qe2 $18) 20. Rxe4 Rxe4 21. Bf1 {[%cal Bc4f1,Bf1g2,Bg2f3][%mdl 32]} Be7 22. Bg2 {aiming for Qd3.} Qe6 {[#]} (22... Qa6 $16) 23. Qd1 $1 $18 Re5 24. Bf4 Re2 25. Bd2 (25. b3 $16) 25... c4 (25... Re5 $1 $11 {keeps the balance.}) 26. Bf3 $16 (26. Bxb7 $6 Ng4 $11) 26... Re5 27. Be3 h5 28. Bd4 Rb5 29. Qd2 ({Much less strong is} 29. Bxa7 Rxb2 30. Rb1 Rxa2 $14) 29... Qf5 30. a4 Ra5 31. Bxb7 Qd7 32. Bg2 Rxa4 33. Qd1 Rxa1 34. Qxa1 Qf5 35. Bxa7 Bc5 (35... h4 $142 36. Be3 (36. gxh4 Nd5 $16) 36... g6) 36. Bxc5 $18 Qxc5 37. Qa8+ Kh7 38. Qc6 $36 {[%mdl 2048] White is really pushing.} Qa7 (38... Qf5 {was worth a try.} 39. Qxc4 Qb1+ 40. Bf1 Qxb2 41. Bd3+ (41. Qxf7 Qxc3 42. Qe6 Qd4 $16) 41... Kh8 42. Qxf7 Qxc3) 39. Qb7 Qa1+ 40. Bf1 Kg6 41. Kg2 Qa4 42. h4 {Precision: White = 84%, Black = 39%.} 1-0